000 00296nam a2200109 a 4500
005 20140408090024.0
008 021121s19uu xx 00 eng d
050 _aPGS '00
_bCHE #26
100 _aChen, Yao Jung
245 _aThe Perception of LRU students on the transition program.
942 _cPASS
999 _c96316
_d96316